| 000 -CABECERA |
| campo de control de longitud fija |
01772nib a2200373ua 4500 |
| 001 - NÚMERO DE CONTROL |
| campo de control |
000083499 |
| 003 - IDENTIFICADOR DEL NÚMERO DE CONTROL |
| campo de control |
OSt |
| 005 - FECHA Y HORA DE LA ÚLTIMA TRANSACCIÓN |
| campo de control |
20230919162016.0 |
| 007 - CAMPO FIJO DE DESCRIPCIÓN FÍSICA--INFORMACIÓN GENERAL |
| campo de control de longitud fija |
vducgaiz |
| 008 - DATOS DE LONGITUD FIJA--INFORMACIÓN GENERAL |
| campo de control de longitud fija |
170809s2006 ck 037|e| |s| z|spa|d |
| 040 ## - FUENTE DE LA CATALOGACIÓN |
| Centro/agencia transcriptor |
CO-MqBPB |
| 041 ## - CÓDIGO DE LENGUA |
| Código de lengua del texto/banda sonora o título independiente |
spa |
| 043 ## - CÓDIGO DE ÁREA GEOGRÁFICA |
| Código de área geográfica |
s-ck--- |
| 082 04 - NÚMERO DE LA CLASIFICACIÓN DECIMAL DEWEY |
| Número de clasificación |
860.672 |
| Número de documento/Ítem |
D31g |
| Número de edición |
21 |
| 100 ## - ENTRADA PRINCIPAL--NOMBRE DE PERSONA |
| Nombre de persona |
Díaz-Granados, José Luis |
| Fechas asociadas al nombre |
1946- |
| 245 10 - MENCIÓN DE TÍTULO |
| Título |
La poesía de Gabriel García Márquez : |
| Resto del título |
[disco sonoro] / |
| Mención de responsabilidad, etc. |
por José Luis Díaz-Granados. |
| 260 ## - PUBLICACIÓN, DISTRIBUCIÓN, ETC. |
| Lugar de publicación, distribución, etc. |
Bogotá : |
| Nombre del editor, distribuidor, etc. |
Casa de Poesía Silva, |
| Fecha de publicación, distribución, etc. |
2006. |
| 300 ## - DESCRIPCIÓN FÍSICA |
| Extensión |
1 disco compacto : |
| Otras características físicas |
sonido |
| Material acompañante/anejo |
(37 minutos aproximadamente) |
| 490 #0 - MENCIÓN DE SERIE |
| Mención de serie |
Voces para el tiempo |
| Designación de volumen o secuencia |
672 |
| 500 ## - NOTA GENERAL |
| Nota general |
Conferencia realizada en la Casa de Poesía Silva de Bogotá en el marco del Concurso Nacional Poesía Capital |
| 505 ## - NOTA DE CONTENIDO CON FORMATO |
| Título |
Anuncio |
| Mención de responsabilidad |
Pedro Alejo Gómez Vila |
| 505 ## - NOTA DE CONTENIDO CON FORMATO |
| Título |
Conferencia |
| Mención de responsabilidad |
José Luis Díaz-Granados |
| 508 ## - NOTA DE CRÉDITOS DE CREACIÓN O PRODUCCIÓN |
| Nota de créditos de creación o producción |
Proyecto, realización y diseños Pedro Alejo Gómez Vila ; digitalización y edición sonora Luis Guillermo Aza T. |
| 511 1# - NOTA DE PARTICIPANTES O INTÉRPRETES |
| Nota de participantes o intérpretes |
Pedro Alejo Gómez Vila (anunciador), Daniel Samper Pizano, Humberto Dorado, Luis Enrique Nieto Arango (panelistas) |
| 518 ## - NOTA DE FECHA/HORA Y LUGAR DE UN ACONTECIMIENTO |
| Nota de fecha/hora y lugar de un acontecimiento |
Conferencia realizada el 18 de marzo de 2007 |
| 600 ## - PUNTO DE ACCESO ADICIONAL DE MATERIA--NOMBRE DE PERSONA |
| Nombre de persona |
García Márquez, Gabriel |
| Fechas asociadas al nombre |
1927-2014 |
| Subdivisión general |
Crítica e interpretación |
| Subdivisión de forma |
Congresos, conferencias, etc. |
| 600 ## - PUNTO DE ACCESO ADICIONAL DE MATERIA--NOMBRE DE PERSONA |
| Nombre de persona |
García Márquez, Gabriel |
| Fechas asociadas al nombre |
1927-2014 |
| Subdivisión general |
Poesías |
| Subdivisión de forma |
Congresos, conferencias, etc. |
| 650 14 - PUNTO DE ACCESO ADICIONAL DE MATERIA--TÉRMINO DE MATERIA |
| Término de materia o nombre geográfico como elemento de entrada |
Poesía colombiana |
| Subdivisión de forma |
Congresos, conferencias, etc. |
| 650 14 - PUNTO DE ACCESO ADICIONAL DE MATERIA--TÉRMINO DE MATERIA |
| Término de materia o nombre geográfico como elemento de entrada |
Autores colombianos |
| Subdivisión de forma |
Congresos, conferencias, etc. |
| 650 24 - PUNTO DE ACCESO ADICIONAL DE MATERIA--TÉRMINO DE MATERIA |
| Término de materia o nombre geográfico como elemento de entrada |
Literatura colombiana |
| Subdivisión general |
Historia y crítica |
| Subdivisión de forma |
Congresos, conferencias, etc. |
| 650 24 - PUNTO DE ACCESO ADICIONAL DE MATERIA--TÉRMINO DE MATERIA |
| Término de materia o nombre geográfico como elemento de entrada |
Crítica literaria |
| Subdivisión de forma |
Congresos, conferencias, etc. |
| 650 24 - PUNTO DE ACCESO ADICIONAL DE MATERIA--TÉRMINO DE MATERIA |
| Término de materia o nombre geográfico como elemento de entrada |
Lectura de poemas |
| Subdivisión de forma |
Congresos, conferencias, etc. |
| 942 ## - ELEMENTOS DE PUNTO DE ACCESO ADICIONAL (KOHA) |
| Fuente del sistema de clasificación o colocación |
|
| Tipo de ítem Koha |
CDROM |